The noble scholar, jurist, historian


 His Excellency Dr. Abdul Wahhab bin Ibrahim Abu Sulaiman, may Allah have mercy on him.


 He was born in Umm Al-Qura in the year 1356 AH.

ابن عبد البر الأندلسي وجهوده في التاريخ/ (Record no. 570)

MARC details
000 -LEADER
fixed length control field 01198cam a2200301 i 4500
003 - CONTROL NUMBER IDENTIFIER
control field SA-RiAUC
005 - DATE AND TIME OF LATEST TRANSACTION
control field 20240926141408.0
008 - FIXED-LENGTH DATA ELEMENTS--GENERAL INFORMATION
fixed length control field 240919s1988 ua b g b 00000bara c
040 ## - CATALOGING SOURCE
Original cataloging agency SA-RiAUC
Language of cataloging ara
Transcribing agency SA-RiAUC
Description conventions rda
050 14 - LIBRARY OF CONGRESS CALL NUMBER
Item number .67 .I2664 L3948 1988
050 #4 - LIBRARY OF CONGRESS CALL NUMBER
Item number J37 1988
082 04 - DEWEY DECIMAL CLASSIFICATION NUMBER
Classification number 920.99
090 ## - LOCALLY ASSIGNED LC-TYPE CALL NUMBER (OCLC); LOCAL CALL NUMBER (RLIN)
Classification number (OCLC) (R) ; Classification number, CALL (RLIN) (NR) 920.99
Local cutter number (OCLC) ; Book number/undivided call number, CALL (RLIN) ج ا س
100 1# - MAIN ENTRY--PERSONAL NAME
Personal name جاسم، ليث سعود
Relator term مؤلف.
245 14 - TITLE STATEMENT
Title ابن عبد البر الأندلسي وجهوده في التاريخ/
Statement of responsibility, etc. ليث سعود جاسم.
250 ## - EDITION STATEMENT
Edition statement الطبعة الثانية.
264 #1 - PRODUCTION, PUBLICATION, DISTRIBUTION, MANUFACTURE, AND COPYRIGHT NOTICE
Place of production, publication, distribution, manufacture المنصورة، مصر :
Name of producer, publisher, distributor, manufacturer دار الوفاء للطباعة والنشر،
Date of production, publication, distribution, manufacture, or copyright notice 1988
300 ## - PHYSICAL DESCRIPTION
Extent 531 صفحة :
Other physical details خرائط ؛
Dimensions 24 سم
336 ## - CONTENT TYPE
Content type term نص
Content type code txt
Source rdacontent
Materials specified كتاب
337 ## - MEDIA TYPE
Media type term بدون وسيط
Media type code n
Source rdamedia
338 ## - CARRIER TYPE
Carrier type term مجلد
Carrier type code nc
Source rdacarrier
504 ## - BIBLIOGRAPHY, ETC. NOTE
Bibliography, etc. note يشتمل على إرجاعات ببليوجرافية.
600 17 - SUBJECT ADDED ENTRY--PERSONAL NAME
Personal name ابن عبد البر، يوسف بن عبد الله بن محمد،
Dates associated with a name 368-463 هجري
Source of heading or term aucnm
650 #7 - SUBJECT ADDED ENTRY--TOPICAL TERM
Topical term or geographic name entry element المؤرخون
Form subdivision تراجم
Source of heading or term aucsh
942 ## - ADDED ENTRY ELEMENTS (KOHA)
Source of classification or shelving scheme Dewey Decimal Classification
Koha item type Books
Suppress in OPAC No
949 ## - LOCAL PROCESSING INFORMATION (OCLC)
a SA-JeALM
d 240919
u mohamedma123
n 1
Holdings
Withdrawn status Lost status Source of classification or shelving scheme Damaged status Not for loan Home library Current library Date acquired Total checkouts Full call number Barcode Date last seen Price effective from Koha item type
    Dewey Decimal Classification     DR AbdElwahab Library DR AbdElwahab Library 09/26/2024   920.99 ج ا س 000000821 09/26/2024 09/26/2024 Books